000 00733nam a2200253 a 4500
008
020 _a0855981741 (pbk.)
049 _aMAIN
090 _aHF1416
100 1 _aMillard, Edward.
245 1 0 _aExport marketing for a small handicraft business /
_cEdward Millard.
250 _aRev. ed.
260 _aOxford :
_bOxfam,
_c1996.
300 _av, 186 p. :
_bill. ;
_c21 cm.
504 _aIncludes bibliographical references: p. 181-182.
500 _aIncludes index.
650 0 _aExport marketing.
650 0 _aHandicraft
_xMarketing.
907 _a.b10085154
_b14-08-03
_c30-07-03
003
005 20230123133355.0
040 _cNUST
942 _cBOOKS
_kHF1416
999 _c147482
_d147482